New Perspectives & Trajectory / (Record no. 5033)

000 -LEADER
fixed length control field 00551nam a2200181 a 4500
005 - DATE AND TIME OF LATEST TRANSACTION
control field 20250723082353.0
008 - FIXED-LENGTH DATA ELEMENTS--GENERAL INFORMATION
fixed length control field 250723t2024 my ||||| |||| 00| 0 may d
020 00 - INTERNATIONAL STANDARD BOOK NUMBER
International Standard Book Number 9786299832928
040 ## - CATALOGING SOURCE
Original cataloging agency AKMAL
082 04 - DEWEY DECIMAL CLASSIFICATION NUMBER
Classification number 354.09595 NEW
090 00 - LOCALLY ASSIGNED LC-TYPE CALL NUMBER (OCLC); LOCAL CALL NUMBER (RLIN)
Classification number (OCLC) (R) ; Classification number, CALL (RLIN) (NR) 354.09595
Local cutter number (OCLC) ; Book number/undivided call number, CALL (RLIN) NEW
245 10 - TITLE STATEMENT
Title New Perspectives & Trajectory /
Statement of responsibility, etc. JKDM
264 00 - PRODUCTION, PUBLICATION, DISTRIBUTION, MANUFACTURE, AND COPYRIGHT NOTICE
Place of production, publication, distribution, manufacture Putrajaya:
Name of producer, publisher, distributor, manufacturer Jabatan Kastam Diraja Malaysia,
Date of production, publication, distribution, manufacture, or copyright notice 2024.
300 ## - PHYSICAL DESCRIPTION
Extent 198 p. :
Other physical details ill. col ;
Dimensions 29 cm.
650 00 - SUBJECT ADDED ENTRY--TOPICAL TERM
Topical term or geographic name entry element Customs administration
Geographic subdivision Malaysia
9 (RLIN) 491
650 10 - SUBJECT ADDED ENTRY--TOPICAL TERM
Topical term or geographic name entry element Malaysia Royal Customs
General subdivision Department
9 (RLIN) 9601
942 ## - ADDED ENTRY ELEMENTS (KOHA)
Source of classification or shelving scheme
Koha item type Book
Holdings
Withdrawn status Lost status Source of classification or shelving scheme Damaged status Not for loan Collection code Home library Current library Shelving location Date acquired Source of acquisition Inventory number Full call number Barcode Date last seen Price effective from Koha item type
          NON-FICTION AKMAL Melaka AKMAL Melaka PINJAMAN 23.07.2025 Sumbangan 000374 354.09595 NEW 201708295 23.07.2025 23.07.2025 Book
          NON-FICTION AKMAL Melaka AKMAL Melaka PINJAMAN 23.07.2025 Sumbangan 000373 354.09595 NEW 201708296 23.07.2025 23.07.2025 Book
Pusat Sumber Maklumat Dato' Haji Sarmin Md Hussin, Akademi Kastam Diraja Malaysia, Melaka
Tel: 06-2331106 | Faks: 06-2313787